000 00955pam a2200265 a 4500
001 3906353
003 ARRUPE
005 20151104091250.0
008 910807s1992 tnu b 000 0 eng
010 _a 91028450
020 _a0687228212 (pbk. : alk. paper)
040 _aDLC
_cDLC
_dDLC
050 0 0 _aBT993.2
_b.J46 1992
082 0 0 _a238/.11
_220
100 1 _aJennings, Theodore W.,
_cJr.,
_d1942-
_920855
245 1 0 _aLoyalty to God :
_bthe Apostles' Creed in life and liturgy /
_cTheodore W. Jennings, Jr.
260 _aNashville :
_bAbingdon Press,
_cc1992.
300 _a238 p. ;
_c22 cm.
504 _aIncludes bibliographical references (p. 229-238).
630 0 0 _aApostles' Creed.
_916888
650 0 _aLiberation theology.
_920856
906 _a7
_bcbc
_corignew
_d1
_eocip
_f19
_gy-gencatlg
942 _2lcc
_cMONOGRAPH
999 _c123716
_d123716